000 01148nam a2200241Ia 4500
003 Ost
005 20260507075743.0
008 260507s9999||||xx |||||||||||||| ||und||
020 _a4115299959
040 _cfsecg
041 _aara
082 _a330
100 _aعبد الله، عثمان عبد الله
_eمؤلف
245 0 _aايديولوجيا العولمة :
_bمن عولمة السوق الى عولمة التسويق العمومية /
_c عثمان عبد الله عبد الله
260 _aبيروت:
_bدار الكتاب الجديد,
_c2005
300 _a302 صفحة؛
_bإيضاحات ؛
_c24 سم
504 _aكشاف مصطلحات ص269 ؛ المصادر والمراجع ص.291
520 _aالإقتصاد وسطوة السوق- العولمة تعويذة النظام العالمي الجديد- الخطاب السياسي والغربي (تاريخ الازمة وأزمة التاريخ)- ثقافة الإمبرالية والإمبريالية الثقافية.
653 _aالتسويق
653 _aالعولمة
653 _aالعولمة الإقتصادية
942 _cكتاب
999 _c46162
_d46162